| 000 | 01234nam a22003497a 4500 | ||
|---|---|---|---|
| 003 | CHAP | ||
| 005 | 20220329133727.0 | ||
| 008 | 971013s1994 r 00010 d | ||
| 010 | _a10023 | ||
| 011 | _a10995 | ||
| 035 | _a10233 | ||
| 040 | _cCHAP | ||
| 090 | _aTesis | ||
| 100 | 0 | 0 |
_aVázquez Hernández, Mario. _9120394 |
| 245 | _aAnálisis de algunos efectos ambientales y su incidencia sobre la rentabilidad de una explotación de ovinos Pelibuey | ||
| 260 |
_aChapingo, Méx. : _bEl autor, _c1994 |
||
| 300 |
_a107 h. _b; gráfs |
||
| 502 | _aTesis (Ing. Agr. Esp. en Zootecnia) -- UACH. Departamento de Zootecnia | ||
| 590 |
_aALEPH _b10 _c20130110 _lUCH01 _h1226 |
||
| 590 |
_aBATCH-UPD _b10 _c20130110 _lUCH01 _h1227 |
||
| 590 |
_aBATCH-UPD _b10 _c20130410 _lUCH01 _h0759 |
||
| 590 |
_aBATCH-UPD _b10 _c20130914 _lUCH01 _h0700 |
||
| 590 |
_aCONVERSION _b10 _c20130109 _lUCH01 _h1306 |
||
| 650 | 1 | 4 |
_aBorrego Pelibuey. _913937 |
| 650 | 1 | 4 |
_aGanado lanar _xAspectos económicos. _945157 |
| 650 | 1 | 4 |
_aGanado lanar _xEfecto del medio ambiente. _945172 |
| 650 | 1 | 4 |
_aGanado lanar _xPeso. _945211 |
| 700 | 0 |
_aRosales Arrollo, Gilberto. _999892 |
|
| 901 | _aBK | ||
| 942 | _cTESIS | ||
| 949 |
_bBC _cTES _d-21672 _eTS1 _h26563 _i10233 _si |
||
| 999 |
_c10023 _d10023 |
||